CW Arrowverse Shows - Statistics

General Stats
  • This quiz has been taken 480 times
    246 since last reset
  • The average score is 5 of 6
Answer Stats
Show Run Arrowverse Show % Correct
2014-2023 The Flash
100%
2012-2020 Arrow
99%
2015-2021 Supergirl
98%
2016-2022 Legends of Tomorrow
87%
2019-2022 Batwoman
78%
2018-2021 Black Lightning
71%
No matching quizzes found
Score Distribution
Percent of People with Each Score
Percentile by Number Answered
Your Score History
You have not taken this quiz since the last reset